Návrh a tvorba topologickej priestorovej databázy cestnej siete v prostredí PostgreSQL/PostGIS

Na minha lista:
Detalhes bibliográficos
Autor principal: Kamenický, Matej (Author)
Outros Autores: Ďuračiová, Renata (Thesis advisor)
Formato: Manuscrito Livro
Idioma:eslovaco
Publicado em: 2024
Assuntos:
Acesso em linha:http://is.stuba.sk/zp/portal_zp.pl?podrobnosti=177997
https://opac.crzp.sk/?fn=detailBiblioForm&sid=9A7D98113A4E7D6F02A672A0EB46
Tags: Adicionar Tag
Sem tags, seja o primeiro a adicionar uma tag!

MARC

LEADER 00000ntm a22000003a 4500
001 stuzp98223
003 SK-STU
005 20240920115158.9
007 ta
008 150427s2015----xo-----f-mn---000-0-slo-d
040 |a STU  |b slo 
041 0 |a slo 
100 1 |a Kamenický, Matej  |u 010130  |4 aut  |U SvF Stavebná fakulta  |T SvF Katedra globálnej geodézie a geoinformatiky  |X 103684  |U V130  |Y 13  |7 103684 
242 0 1 |a Design and creation of a topological spatial database of the road network in the PostgreSQL/PostGIS environment  |y eng 
245 1 0 |a Návrh a tvorba topologickej priestorovej databázy cestnej siete v prostredí PostgreSQL/PostGIS 
260 |c 2024 
650 4 |a topológia  |2 slo 
650 4 |a priestorová databáza  |2 slo 
650 4 |a PostgreSQL/PostGIS  |2 slo 
650 4 |a cestná sieť  |2 slo 
650 4 |a nadrozmerná doprava  |2 slo 
650 4 |a Python  |2 slo 
650 4 |a webová aplikácia  |2 slo 
650 4 |a topology  |2 eng 
650 4 |a spatial database  |2 eng 
650 4 |a PostgreSQL/PostGIS  |2 eng 
650 4 |a road network  |2 eng 
650 4 |a oversized transport  |2 eng 
650 4 |a Python  |2 eng 
650 4 |a web application  |2 eng 
700 1 |a Ďuračiová, Renata  |u 010130  |k Z1  |4 ths  |U SvF Stavebná fakulta  |T SvF Katedra globálnej geodézie a geoinformatiky  |X 950  |U V130  |Y 13  |7 A000000950 
856 4 |u http://is.stuba.sk/zp/portal_zp.pl?podrobnosti=177997 
856 4 |u https://opac.crzp.sk/?fn=detailBiblioForm&sid=9A7D98113A4E7D6F02A672A0EB46